[Event "Quebec-ch classe U2000"]
[Site "Montreal CAN"]
[Date "2013.01.19"]
[Round "3"]
[White "Alcantara, Maximo"]
[Black "Bouchard, Jean-Marc"]
[Result "1-0"]
[WhiteElo "1882"]
[BlackElo "1857"]
[PlyCount "81"]
[GameId "2160767909382007"]
[EventDate "2013.01.18"]
[EventType "swiss"]
[EventRounds "5"]
[EventCountry "CAN"]
[SourceTitle "hb 2013"]

1. d4 Nf6 2. c4 g6 3. Nc3 d5 4. e3 Bg7 5. b3 c6 6. Bd3 Nbd7 7. Nge2 a6 8. f4 Qa5 9. a3 dxc4 10. Bxc4 Ne4 11. b4 Nxc3 12. Nxc3 Qb6 13. Bb2 Nf6 14. h3 Bf5 15. Qb3 O-O 16. g4 Be4 17. Nxe4 Nxe4 18. Qd3 Nd6 19. Bb3 e6 20. O-O-O Qb5 21. Kc2 Qxd3+ 22. Kxd3 Rfd8 23. h4 a5 24. h5 axb4 25. axb4 Nb5 26. hxg6 hxg6 27. Ra1 Rxa1 28. Rxa1 e5 29. fxe5 Bxe5 30. Bc4 Nc7 31. Ra7 b5 32. Bb3 Bd6 33. Bc3 Kf8 34. e4 Ra8 35. Rb7 Rd8 36. Rb6 c5 37. bxc5 Bxc5 38. Rc6 Bd6 39. Rxd6 Rxd6 40. Bb4 Ke7 41. e5 1-0

[Event "Quebec-ch classe U2000"]
[Site "Montreal CAN"]
[Date "2013.01.19"]
[Round "3"]
[White "Ber, Alexandre"]
[Black "Turcotte, Jonathan"]
[Result "0-1"]
[WhiteElo "1759"]
[BlackElo "1935"]
[PlyCount "85"]
[GameId "2160767909382008"]
[EventDate "2013.01.18"]
[EventType "swiss"]
[EventRounds "5"]
[EventCountry "CAN"]
[SourceTitle "hb 2013"]

1. d4 d5 2. c4 c6 3. Nc3 Nf6 4. Nf3 e6 5. cxd5 exd5 6. Bg5 Be7 7. Qc2 g6 8. e3 Bf5 9. Bd3 Bxd3 10. Qxd3 Nbd7 11. Rb1 O-O 12. b4 b5 13. O-O Nb6 14. Ne5 Qc7 15. Rfc1 Nc4 16. Bxf6 Bxf6 17. Nxc4 bxc4 18. Qc2 a6 19. a4 Rab8 20. b5 axb5 21. axb5 Qd7 22. bxc6 Qxc6 23. Rxb8 Rxb8 24. e4 Bxd4 25. Nxd5 Qc5 26. Nc3 Rb3 27. Nd1 Rb4 28. Nc3 Qe5 29. g3 f5 30. exf5 gxf5 31. Qd2 Bxc3 32. Qxc3 Qxc3 33. Rxc3 Kf7 34. f3 Ke6 35. Kf2 Kd5 36. g4 f4 37. h4 Rb2+ 38. Ke1 Kd4 39. Ra3 Rh2 40. h5 c3 41. Ra7 c2 42. Rd7+ Ke3 43. Rc7 0-1

[Event "Quebec-ch classe U2000"]
[Site "Montreal CAN"]
[Date "2013.01.19"]
[Round "3"]
[White "Duplessis, Jean-Roch"]
[Black "Alcantara, Maximo jr"]
[Result "1-0"]
[WhiteElo "1718"]
[BlackElo "1813"]
[PlyCount "138"]
[GameId "2160767909382009"]
[EventDate "2013.01.18"]
[EventType "swiss"]
[EventRounds "5"]
[EventCountry "CAN"]
[SourceTitle "hb 2013"]

1. e4 c5 2. Nf3 d6 3. Bb5+ Bd7 4. Bxd7+ Nxd7 5. O-O g6 6. c3 Bg7 7. d4 Ngf6 8. Qe2 O-O 9. Na3 a6 10. Nc2 Rc8 11. e5 dxe5 12. dxe5 Ne8 13. Rd1 Qc7 14. Bf4 e6 15. Rd2 Nb6 16. c4 Rd8 17. Rad1 Rxd2 18. Rxd2 h6 19. Ne3 Qe7 20. Qd1 g5 21. Bg3 f5 22. exf6 Bxf6 23. Ne5 Bxe5 24. Bxe5 Rf7 25. Qh5 Rh7 26. Qg6+ Kf8 27. b3 Nd7 28. Bc3 Qf7 29. Qd3 Kg8 30. g3 h5 31. Qe4 Ndf6 32. Qe5 Rg7 33. Rd8 Kh7 34. Qb8 Ne4 35. Nd1 Nxc3 36. Nxc3 Nf6 37. Qe5 Ng4 38. Qe4+ Qf5 39. Qxf5+ exf5 40. Rd5 f4 41. gxf4 gxf4 42. Rxh5+ Kg8 43. Rxc5 f3 44. h4 Rh7 45. Rg5+ Rg7 46. Ne4 Rxg5 47. Nxg5 Ne5 48. Kh2 Nd3 49. Nxf3 Nxf2 50. Kg3 Nd3 51. Nd4 Kh7 52. Kg4 Kh6 53. Kf5 Nb4 54. a3 Nd3 55. Ke4 Nc5+ 56. Kd5 Nd3 57. Kd6 Kh5 58. Kc7 b5 59. cxb5 axb5 60. Nxb5 Kxh4 61. a4 Nc5 62. Nd4 Kg5 63. a5 Kf6 64. Kb6 Nd7+ 65. Kc6 Ke7 66. a6 Nb8+ 67. Kb7 Nxa6 68. Kxa6 Kd6 69. b4 Kd5 1-0

[Event "Quebec-ch classe U2000"]
[Site "Montreal CAN"]
[Date "2013.01.19"]
[Round "3"]
[White "Gilbert, Erick"]
[Black "Sun, Mike"]
[Result "1-0"]
[WhiteElo "1737"]
[BlackElo "1801"]
[PlyCount "89"]
[GameId "2160767909382010"]
[EventDate "2013.01.18"]
[EventType "swiss"]
[EventRounds "5"]
[EventCountry "CAN"]
[SourceTitle "hb 2013"]

1. Nf3 g6 2. c4 Bg7 3. g3 c5 4. Nc3 Nc6 5. Bg2 e6 6. e4 Nge7 7. O-O O-O 8. d3 d5 9. exd5 exd5 10. Bf4 Be6 11. Ng5 Bf5 12. g4 Be6 13. Re1 Qd7 14. h3 Nd8 15. Qa4 Qxa4 16. Nxa4 dxc4 17. dxc4 Re8 18. Bd6 h6 19. Nxe6 Nxe6 20. Nxc5 Nxc5 21. Bxc5 Nc6 22. Rab1 Ne5 23. b3 Nc6 24. Rxe8+ Rxe8 25. Rd1 Re2 26. Bxc6 bxc6 27. Rd8+ Kh7 28. Rd7 Rxa2 29. Rxf7 Kg8 30. Rxa7 Rxa7 31. Bxa7 Bf8 32. Be3 c5 33. Kg2 Kf7 34. Kf3 Ke6 35. Ke4 g5 36. f4 Be7 37. f5+ Kd6 38. Bf2 Bf8 39. Bg3+ Kc6 40. Be5 Kb6 41. Kd5 Ka5 42. Bd6 Bxd6 43. Kxd6 Kb4 44. f6 Kxb3 45. Kxc5 1-0

[Event "Quebec-ch classe U2000"]
[Site "Montreal CAN"]
[Date "2013.01.19"]
[Round "3"]
[White "Gunapalan, David"]
[Black "Pregent, Daniel"]
[Result "1-0"]
[WhiteElo "1886"]
[BlackElo "1764"]
[PlyCount "75"]
[GameId "2160767909382011"]
[EventDate "2013.01.18"]
[EventType "swiss"]
[EventRounds "5"]
[EventCountry "CAN"]
[SourceTitle "hb 2013"]

1. e4 c5 2. Nc3 d6 3. f4 Nc6 4. Nf3 e6 5. Be2 Nf6 6. O-O Be7 7. Kh1 O-O 8. d4 Qb6 9. dxc5 Qxc5 10. Qe1 Bd7 11. Bd3 Rac8 12. e5 Nd5 13. Ne4 Qb6 14. exd6 Bd8 15. c3 Re8 16. Ne5 Nb8 17. Ng5 f5 18. Nxd7 Nxd7 19. Nxh7 g6 20. Ng5 Qxd6 21. Rf3 Bxg5 22. fxg5 e5 23. Rh3 Kg7 24. Rh6 e4 25. Bb5 a6 26. Bxd7 Qxd7 27. Be3 Nxe3 28. Qxe3 Rcd8 29. h4 Qc7 30. h5 Re6 31. Qe2 Rd3 32. hxg6 Rxg6 33. Qh5 Rxh6 34. gxh6+ Kh7 35. Qxf5+ Kxh6 36. Qxe4 Qd6 37. Qh4+ Kg7 38. Re1 1-0

[Event "Quebec-ch classe U2000"]
[Site "Montreal CAN"]
[Date "2013.01.19"]
[Round "3"]
[White "Martin, Carl"]
[Black "Giroux, Robert"]
[Result "1-0"]
[WhiteElo "1955"]
[BlackElo "1830"]
[PlyCount "133"]
[GameId "2160767909382012"]
[EventDate "2013.01.18"]
[EventType "swiss"]
[EventRounds "5"]
[EventCountry "CAN"]
[SourceTitle "hb 2013"]

1. e4 g6 2. d4 Bg7 3. Nc3 c5 4. Nf3 cxd4 5. Nxd4 Nc6 6. Be3 Nf6 7. Nb3 d6 8. f3 Be6 9. Qd2 h5 10. O-O-O a6 11. Kb1 Rc8 12. Nd5 Nd7 13. Nf4 Bxb3 14. axb3 Qa5 15. Qxa5 Nxa5 16. Nd5 Nc6 17. Be2 e6 18. Nb6 Nxb6 19. Bxb6 Ke7 20. f4 Nb8 21. Bf3 Nd7 22. Bf2 b5 23. Rhe1 Rc7 24. Bh4+ Bf6 25. Bxf6+ Nxf6 26. e5 dxe5 27. Rxe5 Rhc8 28. c3 Nd7 29. Re3 Rb8 30. b4 Nb6 31. Be2 Rd8 32. Red3 Rxd3 33. Rxd3 Nd5 34. g3 Nf6 35. Bf3 Ne8 36. Rd4 Nd6 37. Be2 Nf5 38. Rd3 Nd6 39. Ka2 Nc4 40. Kb3 e5 41. fxe5 Nxe5 42. Rd5 f6 43. Kc2 Ke6 44. Rc5 Rxc5 45. bxc5 Kd5 46. b4 Kc6 47. Bf1 Kc7 48. Be2 Kc6 49. Bd3 f5 50. Bf1 Ng4 51. Kd2 Nxh2 52. Be2 h4 53. gxh4 f4 54. Ke1 f3 55. Bd3 Ng4 56. Be4+ Kc7 57. Bxf3 Ne5 58. Be2 Kc6 59. Kf2 a5 60. bxa5 Kxc5 61. a6 Kb6 62. Bxb5 Nf7 63. Bd3 Ne5 64. Be2 Nc6 65. Ke3 Kc5 66. Bd3 Kd6 67. Bxg6 1-0

[Event "Quebec-ch classe U2000"]
[Site "Montreal CAN"]
[Date "2013.01.19"]
[Round "3"]
[White "Morissette, Jean-Sebastien"]
[Black "Heredia, Jose"]
[Result "1/2-1/2"]
[WhiteElo "1896"]
[BlackElo "1766"]
[PlyCount "138"]
[GameId "2160767909382013"]
[EventDate "2013.01.18"]
[EventType "swiss"]
[EventRounds "5"]
[EventCountry "CAN"]
[SourceTitle "EXT 2022"]
[Source "ChessBase"]
[SourceDate "2021.10.06"]
[SourceVersion "1"]
[SourceVersionDate "2021.10.06"]
[SourceQuality "1"]

1. d4 d5 2. c4 c6 3. Nf3 Nf6 4. g3 e6 5. Bg2 Nbd7 6. Qc2 dxc4 7. Qxc4 Be7 8. O-O O-O 9. Rd1 Qa5 10. Nc3 e5 11. Bd2 Nb6 12. Qd3 exd4 13. Nxd4 Qh5 14. e3 Rd8 15. Qf1 Ng4 16. h3 Ne5 17. Qe2 Qh6 18. e4 Qf6 19. Bf4 Rxd4 20. Rxd4 Nf3+ 21. Qxf3 Qxd4 22. Rd1 Qb4 23. b3 Be6 24. Bc7 Rc8 25. Bf4 Nd7 26. Bd2 Qc5 27. Kh2 Ne5 28. Qe2 Rd8 29. f4 Nd3 30. Rf1 f6 31. Rf3 Qd4 32. Bf1 Bc5 33. Qg2 Nf2 34. Be1 Nxh3 35. Rd3 Qg1+ 36. Qxg1 Bxg1+ 37. Kg2 Rxd3 38. Bxd3 Bg4 39. b4 Bd4 40. Be2 h5 41. Bc4+ Kh7 42. Ne2 Be3 43. a4 h4 44. Nc3 g5 45. Be2 Bxe2 46. Nxe2 g4 47. b5 cxb5 48. axb5 a6 49. Nc3 axb5 50. Nd5 Bd4 51. gxh4 b4 52. Bxb4 Nf2 53. Kg3 Nxe4+ 54. Kxg4 Kg7 55. Be1 Nd6 56. f5 b6 57. Nf4 Kf7 58. h5 Be3 59. Bb4 Ne4 60. Nd5 Bc5 61. Be1 b5 62. h6 Bf8 63. Kh5 Nd6 64. h7 Kg7 65. Bc3 Ne4 66. Nxf6 Nxf6+ 67. Bxf6+ Kxh7 68. Bb2 Be7 69. f6 Bxf6 1/2-1/2

[Event "Quebec-ch classe U2000"]
[Site "Montreal CAN"]
[Date "2013.01.20"]
[Round "4"]
[White "Dumoulin, Sylvain"]
[Black "Albarao, Daniel"]
[Result "1-0"]
[WhiteElo "1711"]
[BlackElo "1751"]
[PlyCount "53"]
[GameId "2160767909382014"]
[EventDate "2013.01.18"]
[EventType "swiss"]
[EventRounds "5"]
[EventCountry "CAN"]
[SourceTitle "hb 2013"]

1. Nc3 d5 2. e4 d4 3. Nce2 Nc6 4. Ng3 Nf6 5. Nf3 e6 6. c3 Bc5 7. b4 Bb6 8. b5 Ne7 9. Bb2 c5 10. a4 O-O 11. a5 Bxa5 12. cxd4 cxd4 13. Bxd4 Nd7 14. Nh5 g6 15. Nf6+ Nxf6 16. Bxf6 Bc7 17. d4 Bf4 18. h4 Qc7 19. Qb3 b6 20. h5 Bb7 21. hxg6 Nxg6 22. Ng5 Bxg5 23. Bxg5 Bxe4 24. Bf6 Bd5 25. Qh3 Rfc8 26. Qxh7+ Kf8 27. Qh8+ 1-0

[Event "Quebec-ch classe U2000"]
[Site "Montreal CAN"]
[Date "2013.01.20"]
[Round "4"]
[White "Gilbert, Erick"]
[Black "Alcantara, Maximo"]
[Result "1-0"]
[WhiteElo "1737"]
[BlackElo "1882"]
[PlyCount "129"]
[GameId "2160767909382015"]
[EventDate "2013.01.18"]
[EventType "swiss"]
[EventRounds "5"]
[EventCountry "CAN"]
[SourceTitle "hb 2013"]

1. Nf3 Nf6 2. c4 d6 3. d4 Nbd7 4. g3 b6 5. Bg2 Bb7 6. Nc3 e6 7. O-O Be7 8. Re1 O-O 9. e4 c5 10. d5 e5 11. Nh4 Re8 12. Nf5 Bf8 13. Nb5 Qb8 14. Bg5 h6 15. Bd2 a6 16. Nc3 g6 17. Nxh6+ Bxh6 18. Bxh6 Kh7 19. Bg5 Rh8 20. Qf3 Kg7 21. h4 Nh5 22. Bh3 Ndf6 23. Ne2 Nh7 24. Bd2 Bc8 25. g4 N5f6 26. Ng3 Nf8 27. h5 gxh5 28. Nxh5+ Nxh5 29. gxh5 Bxh3 30. Qxh3 Qc8 31. Qf3 Qd7 32. Kf1 f5 33. exf5 Kf6 34. Ke2 Qxf5 35. Qxf5+ Kxf5 36. Rh1 Nh7 37. Rag1 Rag8 38. a4 Rg4 39. Rxg4 Kxg4 40. f3+ Kf5 41. Rg1 Nf8 42. Rg7 Rh7 43. h6 e4 44. fxe4+ Kxe4 45. b3 Kd4 46. Rg4+ Ke5 47. Bc3+ Kf5 48. Rg7 Ke4 49. Rg8 Nd7 50. Bg7 b5 51. Re8+ Kf5 52. cxb5 axb5 53. a5 c4 54. bxc4 bxc4 55. a6 Nb6 56. a7 c3 57. a8=Q Nxa8 58. Rxa8 Ke4 59. Ra5 Rxh6 60. Bxh6 Kd4 61. Bf4 Kc4 62. Bxd6 c2 63. Kd2 Kb3 64. Kc1 Kc3 65. Be7 1-0

[Event "Quebec-ch classe U2000"]
[Site "Montreal CAN"]
[Date "2013.01.20"]
[Round "4"]
[White "Giroux, Robert"]
[Black "Morissette, Jean-Sebastien"]
[Result "0-1"]
[WhiteElo "1830"]
[BlackElo "1896"]
[PlyCount "106"]
[GameId "2160767909382016"]
[EventDate "2013.01.18"]
[EventType "swiss"]
[EventRounds "5"]
[EventCountry "CAN"]
[SourceTitle "EXT 2022"]
[Source "ChessBase"]
[SourceDate "2021.10.06"]
[SourceVersion "1"]
[SourceVersionDate "2021.10.06"]
[SourceQuality "1"]

1. d4 d5 2. Nc3 Bf5 3. Bg5 h6 4. Bh4 c6 5. Qd2 Nd7 6. f3 Qa5 7. e4 Bh7 8. Bd3 e6 9. Nge2 Ne7 10. Bf2 Rc8 11. Nc1 Ng6 12. Nb3 Qc7 13. Bg3 Bd6 14. Bxd6 Qxd6 15. e5 Qe7 16. O-O-O Qg5 17. g3 Qxd2+ 18. Nxd2 O-O 19. f4 Ne7 20. Bxh7+ Kxh7 21. Nf3 c5 22. g4 g6 23. Rhf1 a6 24. dxc5 Rxc5 25. Nd4 Nc6 26. Nb3 Rc4 27. Nd2 Rd4 28. a3 g5 29. Ne2 Ra4 30. h3 Nd4 31. Nc3 Ra5 32. Rde1 Kg7 33. b4 Rxa3 34. Kb2 Rc8 35. Ndb1 Nxc2 36. Kxc2 Ra2+ 37. Kb3 Rh2 38. Rf3 gxf4 39. Rxf4 Rxh3 40. Re2 Rd3 41. Kc2 Rg3 42. Kd2 Nb6 43. Rd4 Rc4 44. Rxc4 Nxc4+ 45. Kc2 Rxg4 46. b5 Rg5 47. bxa6 bxa6 48. Na4 Rxe5 49. Rf2 h5 50. Rg2+ Kf6 51. Nc5 Ne3+ 52. Kd3 Nxg2 53. Nd7+ Kf5 0-1

[Event "Quebec-ch classe U2000"]
[Site "Montreal CAN"]
[Date "2013.01.20"]
[Round "4"]
[White "Heredia, Jose"]
[Black "Duplessis, Jean-Roch"]
[Result "1/2-1/2"]
[WhiteElo "1766"]
[BlackElo "1718"]
[PlyCount "81"]
[GameId "2160767909382017"]
[EventDate "2013.01.18"]
[EventType "swiss"]
[EventRounds "5"]
[EventCountry "CAN"]
[SourceTitle "hb 2013"]

1. e4 c5 2. Nf3 Nc6 3. d4 cxd4 4. Nxd4 e5 5. Nb5 a6 6. Nd6+ Bxd6 7. Qxd6 Qf6 8. Qxf6 Nxf6 9. Nc3 Nb4 10. Bd3 Nxd3+ 11. cxd3 h6 12. O-O b5 13. a3 Bb7 14. f4 d6 15. f5 Rc8 16. Bd2 Nd7 17. Be3 Nc5 18. Rad1 f6 19. h4 Kf7 20. h5 Rhd8 21. Nd5 Na4 22. Rd2 Bxd5 23. exd5 Rd7 24. d4 exd4 25. Bxd4 Rdc7 26. Rff2 Nc5 27. Bxc5 Rxc5 28. Rfe2 Re8 29. Re6 Rc4 30. Rde2 Rxe6 31. Rxe6 Rf4 32. Rxd6 Rxf5 33. Rd7+ Ke8 34. Rxg7 Rxd5 35. Ra7 Rxh5 36. Rxa6 Kf7 37. Rb6 Re5 38. b4 Rg5 39. Kf2 Rf5+ 40. Ke3 Rg5 41. Kf3 1/2-1/2

[Event "Quebec-ch classe U2000"]
[Site "Montreal CAN"]
[Date "2013.01.20"]
[Round "4"]
[White "Sun, Mike"]
[Black "Bouchard, Jean-Marc"]
[Result "1/2-1/2"]
[WhiteElo "1801"]
[BlackElo "1857"]
[PlyCount "92"]
[GameId "2160767909382019"]
[EventDate "2013.01.18"]
[EventType "swiss"]
[EventRounds "5"]
[EventCountry "CAN"]
[SourceTitle "hb 2013"]

1. e4 e6 2. d4 d5 3. exd5 exd5 4. Nf3 Bd6 5. c4 Nc6 6. Nc3 dxc4 7. Bxc4 Nf6 8. O-O Bg4 9. Re1+ Ne7 10. Qa4+ Qd7 11. Qxd7+ Bxd7 12. Ne5 O-O 13. Nxd7 Nxd7 14. Ne4 Bb4 15. Bd2 Bxd2 16. Nxd2 Nf5 17. Nf3 Nd6 18. Bb3 Rfe8 19. Ne5 Nb6 20. Re3 Kf8 21. Rh3 f6 22. Nd3 h6 23. Nf4 Nbc4 24. Rc3 Re4 25. Ng6+ Kf7 26. Bxc4+ Nxc4 27. Rxc4 Kxg6 28. Rxc7 Rae8 29. g3 Rxd4 30. Rxb7 Re2 31. Rxa7 Rdd2 32. Rf1 Rxb2 33. a4 Ra2 34. h4 Re4 35. Ra5 Rexa4 36. h5+ Kf7 37. Rb5 Ra7 38. Rfb1 Ra1 39. Rxa1 Rxa1+ 40. Kg2 Ra7 41. Rb6 Ra5 42. Rb7+ Kg8 43. g4 f5 44. f3 fxg4 45. fxg4 Ra3 46. Rd7 Rb3 1/2-1/2

[Event "Quebec-ch classe U2000"]
[Site "Montreal CAN"]
[Date "2013.01.20"]
[Round "4.11"]
[White "Turcotte, Jonathan"]
[Black "Martin, Carl"]
[Result "1-0"]
[WhiteElo "1935"]
[BlackElo "1955"]
[PlyCount "47"]
[GameId "2160767909382020"]
[EventDate "2013.01.18"]
[EventType "swiss"]
[EventRounds "5"]
[EventCountry "CAN"]
[SourceTitle "EXT 2022"]
[Source "ChessBase"]
[SourceDate "2021.10.06"]
[SourceVersion "1"]
[SourceVersionDate "2021.10.06"]
[SourceQuality "1"]

1. d4 Nf6 2. Nf3 g6 3. c4 Bg7 4. Nc3 O-O 5. e4 d6 6. Be2 e5 7. O-O Nc6 8. d5 Ne7 9. b4 a5 10. Ba3 axb4 11. Bxb4 Nd7 12. Nd2 f5 13. a4 Nc5 14. Bxc5 dxc5 15. Nb3 b6 16. a5 Bd7 17. d6 cxd6 18. Qxd6 Rf6 19. Qd3 Qc8 20. axb6 Rxa1 21. Rxa1 Be8 22. Nd5 Nxd5 23. Qxd5+ Bf7 24. Ra8 1-0

[Event "Quebec-ch classe U2000"]
[Site "Montreal CAN"]
[Date "2013.01.20"]
[Round "5"]
[White "Alcantara, Maximo"]
[Black "Turcotte, Jonathan"]
[Result "0-1"]
[WhiteElo "1882"]
[BlackElo "1935"]
[PlyCount "62"]
[GameId "2160767909382021"]
[EventDate "2013.01.18"]
[EventType "swiss"]
[EventRounds "5"]
[EventCountry "CAN"]
[SourceTitle "hb 2013"]

1. d4 d5 2. c4 c6 3. Nc3 Nf6 4. e3 e6 5. a3 Nbd7 6. b3 Bd6 7. f4 b6 8. Bd3 Bb7 9. Nf3 O-O 10. O-O Qe7 11. Ne5 Rac8 12. g4 c5 13. g5 Ne4 14. Bxe4 dxe4 15. Nxd7 Qxd7 16. dxc5 Rxc5 17. Nb5 Rd8 18. Ra2 a6 19. Nxd6 Rc6 20. Rd2 Rxd6 21. Rff2 Rd3 22. Rxd3 exd3 23. h4 Qc6 24. Kh2 Qe4 25. h5 f6 26. Bd2 fxg5 27. Kg3 Rf8 28. Qg4 Rf5 29. Kh3 h6 30. Rh2 Bc6 31. fxg5 Qe5 0-1

[Event "Quebec-ch classe U2000"]
[Site "Montreal CAN"]
[Date "2013.01.20"]
[Round "5"]
[White "Alcantara, Maximo jr"]
[Black "Albarao, Daniel"]
[Result "1/2-1/2"]
[WhiteElo "1813"]
[BlackElo "1751"]
[PlyCount "71"]
[GameId "2160767909382022"]
[EventDate "2013.01.18"]
[EventType "swiss"]
[EventRounds "5"]
[EventCountry "CAN"]
[SourceTitle "hb 2013"]

1. d4 e6 2. Bf4 f5 3. Nf3 Nf6 4. e3 b6 5. Bd3 Be7 6. O-O Bb7 7. c4 d5 8. Ne5 O-O 9. Nc3 Nbd7 10. cxd5 Nxd5 11. Nxd5 Bxd5 12. Rc1 c5 13. Bc4 Nxe5 14. Bxe5 Bxc4 15. Rxc4 Qd5 16. Qb3 a6 17. Rc3 Qxb3 18. Rxb3 b5 19. Rc3 c4 20. Rd1 Bb4 21. Rc2 Rac8 22. f4 Ba5 23. Rdc1 Rc6 24. h3 h5 25. Kf2 Kf7 26. Rd1 Rd8 27. Rg1 Rh8 28. Rd1 Rd8 29. Kf3 Bb6 30. Rg1 Rh8 31. Ke2 a5 32. g4 hxg4 33. hxg4 fxg4 34. Rxg4 Rh2+ 35. Kd1 Rh1+ 36. Ke2 1/2-1/2

[Event "Quebec-ch classe U2000"]
[Site "Montreal CAN"]
[Date "2013.01.20"]
[Round "5"]
[White "Martin, Carl"]
[Black "Dumoulin, Sylvain"]
[Result "1-0"]
[WhiteElo "1955"]
[BlackElo "1711"]
[PlyCount "99"]
[GameId "2160767909382023"]
[EventDate "2013.01.18"]
[EventType "swiss"]
[EventRounds "5"]
[EventCountry "CAN"]
[SourceTitle "hb 2013"]

1. e4 e6 2. d4 d5 3. Nd2 Nf6 4. e5 Nfd7 5. Bd3 c5 6. c3 Nc6 7. Ne2 cxd4 8. cxd4 f6 9. exf6 Nxf6 10. O-O Bd6 11. Nf3 O-O 12. Ng3 e5 13. dxe5 Nxe5 14. Nxe5 Bxe5 15. Qb3 b6 16. Bg5 h6 17. Bd2 Bb7 18. Nf5 Kh8 19. f4 Ne4 20. Bxe4 dxe4 21. fxe5 Qxd2 22. Rad1 Qg5 23. Nd6 Ba6 24. Rxf8+ Rxf8 25. Nf7+ Rxf7 26. Qxf7 e3 27. Qf8+ Kh7 28. Qa3 e2 29. Re1 Qd2 30. Qc3 Qf4 31. h3 Qf1+ 32. Kh2 Qf4+ 33. Qg3 Qxg3+ 34. Kxg3 g5 35. b4 Kg6 36. Kf2 Bc4 37. g4 Kf7 38. Rc1 b5 39. a4 Ke6 40. axb5 Bxb5 41. Rc7 a6 42. Rh7 Kxe5 43. Rxh6 Bd3 44. Rc6 Kf4 45. Rc3 Bb5 46. Rf3+ Ke4 47. Rf5 Kd3 48. Rxg5 Kc3 49. Rxb5 axb5 50. Kxe2 1-0

[Event "Quebec-ch classe U2000"]
[Site "Montreal CAN"]
[Date "2013.01.20"]
[Round "5"]
[White "Mathews, Theo"]
[Black "Sun, Mike"]
[Result "1/2-1/2"]
[WhiteElo "1587"]
[BlackElo "1801"]
[PlyCount "49"]
[GameId "2160767909382024"]
[EventDate "2013.01.18"]
[EventType "swiss"]
[EventRounds "5"]
[EventCountry "CAN"]
[SourceTitle "hb 2013"]

1. d4 g6 2. c4 Bg7 3. Nc3 c5 4. Nf3 cxd4 5. Nxd4 Nc6 6. Nxc6 bxc6 7. e4 d6 8. Be2 Nf6 9. Be3 O-O 10. O-O Qc7 11. Rc1 Rd8 12. h3 Qb8 13. Qc2 Bb7 14. Rfd1 d5 15. cxd5 cxd5 16. exd5 Nxd5 17. Nxd5 Rxd5 18. Rxd5 Bxd5 19. b3 Qb7 20. Bf1 Be5 21. Qc5 Bb2 22. Rc2 Bg7 23. Rc1 a5 24. Qb6 Qxb6 25. Bxb6 1/2-1/2

[Event "Quebec-ch classe U2000"]
[Site "Montreal CAN"]
[Date "2013.01.20"]
[Round "5"]
[White "Morissette, Jean-Sebastien"]
[Black "Gilbert, Erick"]
[Result "0-1"]
[WhiteElo "1896"]
[BlackElo "1737"]
[PlyCount "93"]
[GameId "2160767909382025"]
[EventDate "2013.01.18"]
[EventType "swiss"]
[EventRounds "5"]
[EventCountry "CAN"]
[SourceTitle "EXT 2022"]
[Source "ChessBase"]
[SourceDate "2021.10.06"]
[SourceVersion "1"]
[SourceVersionDate "2021.10.06"]
[SourceQuality "1"]

1. d4 Nf6 2. Bg5 d5 3. Bxf6 exf6 4. e3 Bd6 5. c4 c6 6. cxd5 cxd5 7. Nc3 Be6 8. Bd3 a6 9. Nge2 Nc6 10. Rc1 O-O 11. Ng3 g6 12. Qf3 Re8 13. O-O Rc8 14. h4 h5 15. Qd1 Nb4 16. Bb1 Bxg3 17. fxg3 Bg4 18. Qd2 Nc6 19. Rce1 b5 20. a3 Kg7 21. Ba2 Ne7 22. Rf4 f5 23. Rff1 Qd6 24. Qf2 Rf8 25. Qf4 Rfd8 26. Rc1 Rc6 27. Kf2 Qd7 28. Bb3 Rb6 29. Na2 a5 30. Rc7 Qe6 31. Rfc1 a4 32. Bc2 Nc6 33. Bd3 Na5 34. R1c5 Nc4 35. Bxc4 bxc4 36. Nb4 Bd1 37. Ke1 Bb3 38. R5c6 Rd6 39. Rxb6 Rxb6 40. Kd2 Rd6 41. Rc5 Rd7 42. Nc6 Rd6 43. Ne5 Rd8 44. Rc7 Rf8 45. Nf3 Ba2 46. Qe5+ Qf6 47. Qxd5 0-1

[Event "RA Fall op"]
[Site "Ottawa CAN"]
[Date "2013.09.13"]
[Round "1"]
[White "Gordon, David"]
[Black "Sadeghi, Saeid"]
[Result "1-0"]
[WhiteElo "2278"]
[BlackElo "2005"]
[PlyCount "101"]
[GameId "2160767909229457"]
[EventDate "2013.09.13"]
[EventType "swiss"]
[EventRounds "5"]
[EventCountry "CAN"]
[SourceTitle "EXT 2022"]
[Source "ChessBase"]
[SourceDate "2021.10.06"]
[SourceVersion "1"]
[SourceVersionDate "2021.10.06"]
[SourceQuality "1"]

1. c4 Nf6 2. g3 c6 3. Nf3 d5 4. Bg2 Bg4 5. Ne5 Bh5 6. cxd5 cxd5 7. Qa4+ Nbd7 8. Nc3 e6 9. g4 Bg6 10. h4 Bc2 11. Nxf7 Bxa4 12. Nxd8 Rxd8 13. Nxa4 Nc5 14. Nxc5 Bxc5 15. g5 Ne4 16. e3 O-O 17. f3 Nd6 18. d4 Bb6 19. Ke2 Nf5 20. Kd3 Rfe8 21. f4 Rc8 22. Bd2 g6 23. Rh3 Ng7 24. Bf3 Rc7 25. Rhh1 Nf5 26. Rh3 Ng7 27. Bg4 Ree7 28. Rhh1 Re8 29. a4 a6 30. Rhc1 Rec8 31. Rxc7 Rxc7 32. b3 Ne8 33. h5 Kg7 34. hxg6 hxg6 35. Rc1 Kf7 36. Rxc7+ Bxc7 37. e4 dxe4+ 38. Kxe4 Nd6+ 39. Kd3 Nf5 40. Bf3 b6 41. d5 exd5 42. Bxd5+ Ke7 43. Bb4+ Bd6 44. Bxd6+ Nxd6 45. Be4 Kf7 46. Kd4 Ne8 47. Ke5 Nc7 48. Kd6 Ne8+ 49. Kc6 b5 50. a5 Ng7 51. Kb6 1-0

[Event "RA Fall op"]
[Site "Ottawa CAN"]
[Date "2013.09.13"]
[Round "1"]
[White "Pacey, Kevin"]
[Black "Adriaanse, Adam"]
[Result "1-0"]
[WhiteElo "2233"]
[BlackElo "1942"]
[PlyCount "123"]
[GameId "2160767909229458"]
[EventDate "2013.09.13"]
[EventType "swiss"]
[EventRounds "5"]
[EventCountry "CAN"]
[SourceTitle "EXT 2022"]
[Source "ChessBase"]
[SourceDate "2021.10.06"]
[SourceVersion "1"]
[SourceVersionDate "2021.10.06"]
[SourceQuality "1"]

1. e4 e5 2. Nf3 Nf6 3. d4 Nxe4 4. Bd3 d5 5. Nxe5 Be7 6. O-O O-O 7. c4 Nc6 8. Nxc6 bxc6 9. cxd5 cxd5 10. Qc2 f5 11. Bf4 c5 12. dxc5 Nxc5 13. Rd1 Nxd3 14. Qxd3 Bf6 15. Nc3 Bb7 16. Nxd5 Qxd5 17. Qxd5+ Bxd5 18. Rxd5 Bxb2 19. Rad1 g6 20. g3 Bf6 21. Rd7 Rad8 22. Be3 a5 23. Bb6 Rxd7 24. Rxd7 Ra8 25. a4 Bc3 26. Rc7 Bb4 27. Bd4 Bf8 28. Bc3 Bb4 29. Rg7+ Kf8 30. Bb2 Ba3 31. Rb7 Bxb2 32. Rxb2 Ra7 33. Rb6 Ke7 34. Kg2 Kf7 35. Kf3 Ke7 36. h4 Kf7 37. Rc6 Ke7 38. Ke3 Kd7 39. Rb6 Kc7 40. Rb5 Kd6 41. Kf4 Ke6 42. Kg5 Kf7 43. Rb6 Kg7 44. f3 h6+ 45. Kf4 Rc7 46. Ra6 Rc4+ 47. Ke5 Rc3 48. Ra7+ Kg8 49. Kf6 Rc4 50. Kxg6 Rc6+ 51. Kxf5 Rc5+ 52. Kg4 h5+ 53. Kf4 Kf8 54. g4 hxg4 55. fxg4 Ke8 56. h5 Kf8 57. g5 Rc4+ 58. Kf5 Rc5+ 59. Kg6 Rc6+ 60. Kh7 Rc5 61. Kh6 Rc6+ 62. g6 1-0

[Event "RA Fall op"]
[Site "Ottawa CAN"]
[Date "2013.09.13"]
[Round "1"]
[White "Smilovici, Emil"]
[Black "Gelblum, Robert"]
[Result "1/2-1/2"]
[WhiteElo "1980"]
[BlackElo "2245"]
[PlyCount "58"]
[GameId "2160767909229459"]
[EventDate "2013.09.13"]
[EventType "swiss"]
[EventRounds "5"]
[EventCountry "CAN"]
[SourceTitle "EXT 2022"]
[Source "ChessBase"]
[SourceDate "2021.10.06"]
[SourceVersion "1"]
[SourceVersionDate "2021.10.06"]
[SourceQuality "1"]

1. e4 e5 2. Nf3 Nc6 3. Bb5 a6 4. Bxc6 dxc6 5. O-O Bd6 6. d4 exd4 7. Qxd4 f6 8. Be3 Ne7 9. Nbd2 Be6 10. h3 Ng6 11. Nc4 O-O 12. Nxd6 cxd6 13. Rad1 d5 14. Qb4 Qc7 15. Bc5 Rfe8 16. Bd6 Qf7 17. Rfe1 dxe4 18. Rxe4 Bd5 19. Rxe8+ Rxe8 20. Qc3 Bxf3 21. Qxf3 Qxa2 22. Ba3 Qe6 23. Rd6 Qc4 24. c3 Qf7 25. Qf5 Nf8 26. Qd3 Qg6 27. Qc4+ Qf7 28. Qd3 Qg6 29. Qc4+ Qf7 1/2-1/2